Unit operations of sanitary engineering (Record no. 24058)

000 -LEADER
fixed length control field 00505nam a22001931a 4500
001 - CONTROL NUMBER
control field 24058
003 - CONTROL NUMBER IDENTIFIER
control field BD-DhUET
008 - FIXED-LENGTH DATA ELEMENTS--GENERAL INFORMATION
fixed length control field 750916s1961 nyua b 001 0 eng
040 ## - CATALOGING SOURCE
Original cataloging agency DLC
Transcribing agency FMU
Modifying agency BD-DhUET
082 ## - DEWEY DECIMAL CLASSIFICATION NUMBER
Classification number 628
Item number RIC/1961
100 ## - MAIN ENTRY--PERSONAL NAME
Personal name Rich, Linvil G.
245 10 - TITLE STATEMENT
Title Unit operations of sanitary engineering
250 ## - EDITION STATEMENT
Edition statement 1st ed.
260 ## - PUBLICATION, DISTRIBUTION, ETC. (IMPRINT)
Place of publication, distribution, etc. New York
Name of publisher, distributor, etc. John Wiley
Date of publication, distribution, etc. 1961
300 ## - PHYSICAL DESCRIPTION
Extent xi, 308 p.
Other physical details ill.
Dimensions 24 cm.
504 ## - BIBLIOGRAPHY, ETC. NOTE
Bibliography, etc Includes bibliographies
650 #0 - SUBJECT ADDED ENTRY--TOPICAL TERM
Topical term or geographic name as entry element Sanitary Engineering
942 ## - ADDED ENTRY ELEMENTS (KOHA)
Koha item type General Book
Holdings
Location (home branch) Damaged status Price effective from Koha normalized classification for sorting Koha date last seen Koha item type Copy number Sublocation or collection (holding branch) Koha full call number Piece designation (barcode) Lost status Not for loan Source of classification or shelving scheme Date acquired Shelving location Withdrawn status
Central Library, BUET 2015-05-06628_000000000000000_RIC_19612015-05-06General Book1Central Library, BUET628/RIC/196125023   2015-05-06Circulation section 
Central Library, BUET 2015-05-07628_000000000000000_RIC_19612015-05-07General Book2Central Library, BUET628/RIC/196111959   2015-05-07Circulation section 
Central Library, BUET 2015-05-09628_000000000000000_RIC_19612015-05-09General Book3Central Library, BUET628/RIC/196120121   2015-05-09Circulation section 
Central Library, BUET 2015-05-09628_000000000000000_RIC_19612015-05-09General Book4Central Library, BUET628/RIC/196114703   2015-05-09Circulation section 
Central Library, BUET 2015-05-09628_000000000000000_RIC_19612015-05-09General Book5Central Library, BUET628/RIC/196125024   2015-05-09Circulation section 
Central Library, BUET 2015-05-09628_000000000000000_RIC_19612015-05-09General Book6Central Library, BUET628/RIC/196120120   2015-05-09Circulation section